• 首页
  • 本馆介绍
  • 公告通知
  • 最新文献
  • 馆藏检索
  • 电子资源
  • 读者导购
  • 参考咨询
  • 我的图书馆
  • 登录
  • 详细信息显示
  • 放入我的书架
  • 预约/预借图书
  • 作者相关作品
  • 分类相关作品
  • 丛书相关作品
  • 出版社相关作品

书目信息

  • 表格格式
  • 工作单格式
  • 卡片格式
题名:
稳压电源设计
    
 
作者: 生顺祺 编
分册:  
出版信息: 北京   国防工业出版社  1983
页数: 320页
开本: 19cm
丛书名:
单 册:
中图分类: TN86 , TM44
科图分类:
主题词: 稳压电源--设计 , 稳定器
电子资源:
ISBN:
000 00670nam0 2200265 45
001 0183000100
005 20061121160914.00
010    @dCNY1.30
091    @a15034.2547
100    @a19950509d1983 em y0chiy0121 ea
101 0  @achi
102    @aCN@b110000
105    @ay z 000yy
106    @ar
200 10 @a稳压电源设计@Awen ya dian yuan she ji@f生顺祺编
210    @a北京@c国防工业出版社@d1983
215    @a320页@d19cm
606    @a稳压电源@x设计
606 0  @a稳定器
690    @aTN86@v3 
690    @aTM44@v3
701  0 @a生顺祺@Asheng shun qi@4编
801  0 @aCN@b上海图书馆@c20061121
801  2 @aCN@bNLC@c20040519
905    @f1@b108103@dTM44@e12
    
    稳压电源设计/生顺祺编.-北京:国防工业出版社,1983
    320页;19cm
    
    
    ISBN :CNY1.30
    
●
相关链接 在E读中查询图书 在五车中查询图书 在当当中查询图书 在豆瓣中查询图书


正题名:稳压电源设计     索取号:TM44/12         预约/预借

序号 登录号 条形码 馆藏地/架位号 状态 备注
1 0108103   001344691   第二样本阅览室/ [索取号:TM44/12] 在馆    
2 0108104   001344735   第二样本阅览室/ [索取号:TM44/12] 在馆    
唐山师范学院图书馆 欢迎您!
大连网信软件有限公司© 版权所有